00650nam a2200193Ia 4500008004100000082001100041100001600052245005800068250000800126260002500134300001100159500002400170650001200194700002000206942000700226952010300233952010300336999001700439230524s9999 xx 000 0 und d a6bGOO aS.E.Goodman 0aIntroduction to the Design and Analysis of Algorithms a1ST aNEW DELHIbMGHc2000 aVI;365 aQuantity Number: 2 aComp-Sc a S.T.Hedetniemi cBK 00104070aTATCLbTATCLcGENd2023-05-24l0o006 GOOp16969r2023-05-24w2023-05-24yBKzCPEC5203 00104070aTATCLbTATCLcGENd2023-05-24l0o006 GOOp16990r2023-05-24w2023-05-24yBKzCPEC5203 c37293d37293